| 000 | 00350nam a2200133Ia 4500 | ||
|---|---|---|---|
| 005 | 20251222143145.0 | ||
| 008 | 251222s9999||||xx |||||||||||||| ||spa|| | ||
| 020 | _a968-853-465-X | ||
| 082 | _a378.1/G52 | ||
| 100 | _aGlazman Nowalski, Raquel | ||
| 245 | 0 | _aEvaluación y Exclusión en la Enseñanza Universitaria | |
| 264 | _bPaidós | ||
| 942 | _cLIB | ||
| 999 |
_c12458 _d12458 |
||